Harry Potter Character Name Mix-Up II Quiz Stats

 Plays Quiz Updated Jul 1, 2017

Support Sporcle.
Go Orange.
Score 0/15 Timer 01:30
1 Play Today
% Correct
Fred Malfoy
93.7%
Godric Slytherin
90.4%
Cornelius Dursley
89.7%
Viktor Delacour
89.1%
Peter Tonks
89%
Rowena Hufflepuff
88.6%
Dudley Sprout
88.3%
Gilderoy Trelawney
87.2%
% Correct
Fenrir Moody
86.6%
Quirinus Brown
81.5%
Cormac Karkaroff
81.3%
Xenophilius Creevey
81.3%
Filius Shacklebolt
79.9%
Oliver Pomfrey
79.7%
Rufus Filch
77.9%

You're not logged in!

Compare scores with friends on all Sporcle quizzes.
OR
Log In
Forgot?

From the Vault

Minimalist Nintendo

by Stanford0008

These graphics seem to predate the original NES.
Remove Ads.
Support Sporcle.
Get the best of Sporcle when you Go Orange. This ad-free experience offers more features, more stats, and more fun while also helping to support Sporcle. Thank you for becoming a member.

Show Comments

Extras

Top Quizzes Today


Score Distribution

Your Account Isn't Verified!

In order to create a playlist on Sporcle, you need to verify the email address you used during registration. Go to your Sporcle Settings to finish the process.

Report this User

Report this user for behavior that violates our Community Guidelines.

Details: